[Event "Hoogeveen Open"]
[Site "Hoogeveen, Netherlands"]
[Date "2018.10.21"]
[Round "2.29"]
[White "Ingebretsen, Jens E"]
[Black "Boersma, Jan"]
[Result "1-0"]
[WhiteElo "2160"]
[BlackElo "2047"]

1. e4 {[%clk 01:30:22]} {[%emt 00:00:37]} c5 {[%clk 01:30:39]} {[%emt
00:00:22]} 2. Nf3 {[%clk 01:30:30]} {[%emt 00:00:21]} g6 {[%clk 01:31:03]}
{[%emt 00:00:06]} 3. c4 {[%clk 01:30:52]} {[%emt 00:00:08]} Nc6 {[%clk
01:31:24]} {[%emt 00:00:10]} 4. d4 {[%clk 01:31:12]} {[%emt 00:00:09]} cxd4
{[%clk 01:31:47]} {[%emt 00:00:07]} 5. Nxd4 {[%clk 01:31:37]} {[%emt 00:00:05]}
Nf6 {[%clk 01:32:13]} {[%emt 00:00:05]} 6. Nc3 {[%clk 01:32:00]} {[%emt
00:00:07]} d6 {[%clk 01:32:36]} {[%emt 00:00:07]} 7. Be2 {[%clk 01:32:22]}
{[%emt 00:00:08]} Nxd4 {[%clk 01:32:58]} {[%emt 00:00:09]} 8. Qxd4 {[%clk
01:32:44]} {[%emt 00:00:07]} Bg7 {[%clk 01:33:24]} {[%emt 00:00:03]} 9. Be3
{[%clk 01:33:04]} {[%emt 00:00:10]} Be6 {[%clk 01:33:47]} {[%emt 00:00:08]} 10.
O-O {[%clk 01:32:46]} {[%emt 00:00:48]} O-O {[%clk 01:33:50]} {[%emt 00:00:27]}
11. Qd2 {[%clk 01:32:40]} {[%emt 00:00:36]} Qa5 {[%clk 01:25:04]} {[%emt
00:09:17]} 12. Rab1 {[%clk 01:24:53]} {[%emt 00:08:16]} Rfc8 {[%clk 01:24:42]}
{[%emt 00:00:52]} 13. b3 {[%clk 01:23:33]} {[%emt 00:01:50]} a6 {[%clk
01:19:12]} {[%emt 00:06:01]} 14. Rfc1 {[%clk 01:13:28]} {[%emt 00:10:34]} Qd8
{[%clk 01:04:41]} {[%emt 00:15:01]} 15. f3 {[%clk 01:12:08]} {[%emt 00:01:50]}
Qf8 {[%clk 01:04:10]} {[%emt 00:01:02]} 16. Bf1 {[%clk 01:10:23]} {[%emt
00:02:14]} Nd7 {[%clk 01:02:09]} {[%emt 00:02:31]} 17. Nd5 {[%clk 01:09:38]}
{[%emt 00:01:15]} Bxd5 {[%clk 01:01:26]} {[%emt 00:01:13]} 18. exd5 {[%clk
01:09:50]} {[%emt 00:00:18]} a5 {[%clk 01:01:20]} {[%emt 00:00:36]} 19. Re1
{[%clk 01:07:14]} {[%emt 00:03:06]} Rc7 {[%clk 00:44:59]} {[%emt 00:16:52]} 20.
Rbc1 {[%clk 01:01:01]} {[%emt 00:06:43]} b6 {[%clk 00:43:24]} {[%emt 00:02:04]}
21. Qf2 {[%clk 00:51:12]} {[%emt 00:10:20]} Nc5 {[%clk 00:43:40]} {[%emt
00:00:14]} 22. Rc2 {[%clk 00:45:21]} {[%emt 00:06:21]} Rac8 {[%clk 00:41:02]}
{[%emt 00:03:07]} 23. Qe2 {[%clk 00:39:24]} {[%emt 00:06:28]} Bf6 {[%clk
00:36:43]} {[%emt 00:04:49]} 24. Rb1 {[%clk 00:37:14]} {[%emt 00:02:40]} Qg7
{[%clk 00:34:03]} {[%emt 00:03:10]} 25. Qd2 {[%clk 00:36:54]} {[%emt 00:00:49]}
h5 {[%clk 00:33:04]} {[%emt 00:01:30]} 26. Kh1 {[%clk 00:31:48]} {[%emt
00:05:35]} Kh7 {[%clk 00:29:25]} {[%emt 00:04:09]} 27. a3 {[%clk 00:29:12]}
{[%emt 00:03:07]} Nd7 {[%clk 00:24:45]} {[%emt 00:05:10]} 28. Bd3 {[%clk
00:23:14]} {[%emt 00:06:28]} Nc5 {[%clk 00:20:18]} {[%emt 00:04:57]} 29. b4
{[%clk 00:21:26]} {[%emt 00:02:18]} Na4 {[%clk 00:14:22]} {[%emt 00:06:26]} 30.
f4 {[%clk 00:17:11]} {[%emt 00:04:45]} Kg8 {[%clk 00:10:43]} {[%emt 00:04:09]}
31. f5 {[%clk 00:14:04]} {[%emt 00:03:37]} g5 {[%clk 00:10:57]} {[%emt
00:00:15]} 32. bxa5 {[%clk 00:14:19]} {[%emt 00:00:16]} bxa5 {[%clk 00:10:47]}
{[%emt 00:00:40]} 33. Qxa5 {[%clk 00:12:46]} {[%emt 00:02:03]} Nb2 {[%clk
00:06:43]} {[%emt 00:04:35]} 34. Be2 {[%clk 00:09:29]} {[%emt 00:03:46]} Nxc4
{[%clk 00:06:51]} {[%emt 00:00:23]} 35. Qb4 {[%clk 00:08:15]} {[%emt 00:01:44]}
Nxe3 {[%clk 00:05:19]} {[%emt 00:02:01]} 36. Rxc7 {[%clk 00:08:35]} {[%emt
00:00:10]} Rxc7 {[%clk 00:05:43]} {[%emt 00:00:06]} 37. Qb8+ {[%clk 00:08:59]}
{[%emt 00:00:06]} Kh7 {[%clk 00:06:09]} {[%emt 00:00:03]} 38. Qxc7 {[%clk
00:09:20]} {[%emt 00:00:10]} Nxd5 {[%clk 00:06:29]} {[%emt 00:00:10]} 39. Qc4
{[%clk 00:06:59]} {[%emt 00:02:51]} Nc3 {[%clk 00:06:28]} {[%emt 00:00:30]} 40.
Rb7 {[%clk 00:05:53]} {[%emt 00:01:36]} d5 {[%clk 00:06:43]} {[%emt 00:00:16]}
41. Qd3 {[%clk 00:05:55]} {[%emt 00:00:27]} g4 {[%clk 00:29:16]} {[%emt
00:07:57]} 42. Rc7 {[%clk 00:32:29]} {[%emt 00:03:56]} Ne4 {[%clk 00:15:04]}
{[%emt 00:14:42]} 43. Qxd5 {[%clk 00:30:07]} {[%emt 00:02:52]} Nf2+ {[%clk
00:15:20]} {[%emt 00:00:14]} 44. Kg1 {[%clk 00:30:31]} {[%emt 00:00:07]} Bd4
{[%clk 00:15:26]} {[%emt 00:00:24]} 45. Kf1 {[%clk 00:27:28]} {[%emt 00:03:32]}
Bb6 {[%clk 00:11:50]} {[%emt 00:04:07]} 46. Rc1 {[%clk 00:25:24]} {[%emt
00:02:32]} Qf6 {[%clk 00:09:57]} {[%emt 00:02:23]} 47. g3 {[%clk 00:14:28]}
{[%emt 00:11:28]} e6 {[%clk 00:09:52]} {[%emt 00:00:34]} 48. Qb5 {[%clk
00:13:38]} {[%emt 00:01:20]} Be3 {[%clk 00:04:52]} {[%emt 00:05:30]} 49. Re1
{[%clk 00:11:22]} {[%emt 00:02:46]} e5 {[%clk 00:02:08]} {[%emt 00:03:15]} 50.
Qd7 {[%clk 00:10:19]} {[%emt 00:01:32]} Kg7 {[%clk 00:02:14]} {[%emt 00:00:24]}
51. Bc4 {[%clk 00:09:33]} {[%emt 00:01:17]} Bd4 {[%clk 00:02:23]} {[%emt
00:00:21]} 52. Kg2 {[%clk 00:07:52]} {[%emt 00:02:10]} Nh3 {[%clk 00:02:39]}
{[%emt 00:00:15]} 53. a4 {[%clk 00:06:40]} {[%emt 00:01:41]} Ng5 {[%clk
00:02:44]} {[%emt 00:00:25]} 54. a5 {[%clk 00:06:40]} {[%emt 00:00:30]} h4
{[%clk 00:02:46]} {[%emt 00:00:29]} 55. gxh4 {[%clk 00:06:04]} {[%emt
00:01:05]} Nf3 {[%clk 00:03:06]} {[%emt 00:00:10]} 56. Re4 {[%clk 00:05:51]}
{[%emt 00:00:44]} Nxh4+ {[%clk 00:02:58]} {[%emt 00:00:37]} 57. Kh1 {[%clk
00:05:19]} {[%emt 00:01:02]} Nxf5 {[%clk 00:02:14]} {[%emt 00:01:15]} 58. Rxg4+
{[%clk 00:05:19]} {[%emt 00:00:29]} Kh6 {[%clk 00:01:52]} {[%emt 00:00:52]} 59.
Qxf7 {[%clk 00:03:05]} {[%emt 00:02:42]} Qc6+ {[%clk 00:02:17]} {[%emt
00:00:05]} 60. Rg2 {[%clk 00:03:06]} {[%emt 00:00:30]} 1-0

[Event "Hoogeveen Open"]
[Site "Hoogeveen, Netherlands"]
[Date "2018.10.21"]
[Round "2.30"]
[White "Van Foreest, Machteld"]
[Black "Rakshitta, Ravi"]
[Result "0-1"]
[WhiteElo "1934"]
[BlackElo "2160"]

1. e4 {[%clk 01:30:56]} {[%emt 00:00:03]} e5 {[%clk 01:29:24]} {[%emt
00:01:37]} 2. Nf3 {[%clk 01:31:21]} {[%emt 00:00:05]} Nc6 {[%clk 01:29:42]}
{[%emt 00:00:11]} 3. d4 {[%clk 01:31:04]} {[%emt 00:00:47]} exd4 {[%clk
01:30:07]} {[%emt 00:00:06]} 4. Nxd4 {[%clk 01:31:29]} {[%emt 00:00:04]} Nf6
{[%clk 01:30:30]} {[%emt 00:00:07]} 5. Nxc6 {[%clk 01:31:53]} {[%emt 00:00:06]}
bxc6 {[%clk 01:30:55]} {[%emt 00:00:05]} 6. e5 {[%clk 01:32:17]} {[%emt
00:00:06]} Qe7 {[%clk 01:31:21]} {[%emt 00:00:04]} 7. Qe2 {[%clk 01:32:42]}
{[%emt 00:00:05]} Nd5 {[%clk 01:31:48]} {[%emt 00:00:04]} 8. c4 {[%clk
01:33:08]} {[%emt 00:00:04]} Ba6 {[%clk 01:32:15]} {[%emt 00:00:03]} 9. Nd2
{[%clk 01:33:33]} {[%emt 00:00:04]} g6 {[%clk 01:32:30]} {[%emt 00:00:15]} 10.
Nf3 {[%clk 01:33:48]} {[%emt 00:00:15]} Qb4+ {[%clk 01:32:38]} {[%emt
00:00:22]} 11. Kd1 {[%clk 01:32:56]} {[%emt 00:01:22]} Ne7 {[%clk 01:33:03]}
{[%emt 00:00:06]} 12. a3 {[%clk 01:20:47]} {[%emt 00:12:39]} Qb3+ {[%clk
01:24:43]} {[%emt 00:08:50]} 13. Qc2 {[%clk 01:17:30]} {[%emt 00:03:47]} Qxc2+
{[%clk 01:25:07]} {[%emt 00:00:06]} 14. Kxc2 {[%clk 01:17:54]} {[%emt
00:00:05]} c5 {[%clk 01:25:33]} {[%emt 00:00:04]} 15. Bd3 {[%clk 01:15:52]}
{[%emt 00:02:31]} Nc6 {[%clk 01:25:13]} {[%emt 00:00:51]} 16. Re1 {[%clk
01:13:22]} {[%emt 00:03:00]} Bg7 {[%clk 01:12:32]} {[%emt 00:13:12]} 17. Be3
{[%clk 01:09:24]} {[%emt 00:04:27]} O-O {[%clk 01:11:25]} {[%emt 00:01:37]} 18.
Bxc5 {[%clk 01:07:17]} {[%emt 00:02:36]} Rfe8 {[%clk 01:11:50]} {[%emt
00:00:06]} 19. Re2 {[%clk 00:58:31]} {[%emt 00:09:17]} Nxe5 {[%clk 00:59:11]}
{[%emt 00:13:08]} 20. Nxe5 {[%clk 00:56:07]} {[%emt 00:02:54]} Rxe5 {[%clk
00:58:57]} {[%emt 00:00:44]} 21. Rxe5 {[%clk 00:54:57]} {[%emt 00:01:41]} Bxe5
{[%clk 00:59:25]} {[%emt 00:00:01]} 22. Re1 {[%clk 00:54:28]} {[%emt 00:00:59]}
d6 {[%clk 00:57:00]} {[%emt 00:02:55]} 23. Be3 {[%clk 00:52:37]} {[%emt
00:02:20]} f5 {[%clk 00:52:16]} {[%emt 00:05:15]} 24. f4 {[%clk 00:49:53]}
{[%emt 00:03:15]} Bf6 {[%clk 00:52:23]} {[%emt 00:00:23]} 25. b3 {[%clk
00:48:55]} {[%emt 00:01:28]} Bb7 {[%clk 00:52:18]} {[%emt 00:00:35]} 26. g3
{[%clk 00:44:16]} {[%emt 00:05:08]} Re8 {[%clk 00:41:40]} {[%emt 00:11:08]} 27.
Kd2 {[%clk 00:41:39]} {[%emt 00:03:08]} Bb2 {[%clk 00:40:13]} {[%emt 00:01:56]}
28. Bf2 {[%clk 00:38:34]} {[%emt 00:03:34]} Be4 {[%clk 00:38:22]} {[%emt
00:02:21]} 29. Bxe4 {[%clk 00:35:04]} {[%emt 00:04:01]} fxe4 {[%clk 00:38:47]}
{[%emt 00:00:06]} 30. a4 {[%clk 00:29:46]} {[%emt 00:05:48]} a5 {[%clk
00:38:33]} {[%emt 00:00:44]} 31. Kc2 {[%clk 00:28:28]} {[%emt 00:01:47]} Ba3
{[%emt 00:00:55]} 32. Be3 {[%clk 00:28:24]} Bb4 {[%clk 00:35:12]} {[%emt
00:04:00]} 33. Rd1 {[%clk 00:25:14]} {[%emt 00:03:40]} Kf7 {[%clk 00:34:41]}
{[%emt 00:01:01]} 34. Bd2 {[%emt 00:04:49]} Bxd2 {[%clk 00:32:54]} {[%emt
00:00:02]} 35. Kxd2 {[%clk 00:23:02]} {[%emt 00:00:38]} Rb8 {[%clk 00:27:52]}
{[%emt 00:05:32]} 36. Kc3 {[%clk 00:18:42]} {[%emt 00:04:50]} Ke6 {[%clk
00:28:15]} {[%emt 00:00:07]} 37. Rd5 {[%clk 00:12:22]} {[%emt 00:06:50]} Ra8
{[%clk 00:27:56]} {[%emt 00:00:49]} 38. Rd4 {[%clk 00:08:00]} {[%emt 00:04:52]}
Kf5 {[%clk 00:25:20]} {[%emt 00:03:06]} 39. h3 {[%clk 00:08:06]} {[%emt
00:00:24]} Re8 {[%clk 00:16:00]} {[%emt 00:09:51]} 40. Rd5+ {[%clk 00:05:42]}
{[%emt 00:02:54]} Ke6 {[%clk 00:16:03]} {[%emt 00:00:26]} 41. Kd4 {[%clk
00:00:43]} {[%emt 00:05:29]} Kd7 {[%clk 00:12:03]} {[%emt 00:04:30]} 42. Ke3
{[%clk 00:00:37]} {[%emt 00:00:36]} c5 {[%clk 00:12:14]} {[%emt 00:00:18]} 43.
Rd1 {[%clk 00:25:57]} {[%emt 00:05:11]} Kc6 {[%clk 00:41:30]} {[%emt 00:01:14]}
44. g4 {[%clk 00:23:57]} {[%emt 00:02:30]} Rb8 {[%clk 00:41:03]} {[%emt
00:00:57]} 45. Rb1 {[%clk 00:19:56]} {[%emt 00:04:31]} d5 {[%clk 00:41:26]}
{[%emt 00:00:06]} 46. cxd5+ {[%clk 00:19:26]} {[%emt 00:01:01]} Kxd5 {[%clk
00:41:55]} {[%emt 00:00:01]} 47. Rd1+ {[%clk 00:17:12]} {[%emt 00:02:44]} Ke6
{[%clk 00:41:50]} {[%emt 00:00:35]} 48. Rc1 {[%clk 00:12:06]} {[%emt 00:05:37]}
Rxb3+ {[%clk 00:41:23]} 49. Kxe4 {[%clk 00:12:31]} {[%emt 00:01:03]} Rb4+
{[%clk 00:41:51]} {[%emt 00:00:02]} 50. Ke3 {[%clk 00:10:59]} {[%emt 00:02:02]}
c4 {[%clk 00:34:41]} {[%emt 00:07:40]} 51. Ra1 {[%clk 00:09:46]} {[%emt
00:01:43]} Kd5 {[%clk 00:22:06]} {[%emt 00:13:04]} 52. Rd1+ {[%clk 00:10:12]}
{[%emt 00:00:04]} Kc5 {[%clk 00:22:31]} {[%emt 00:00:06]} 53. f5 {[%clk
00:09:35]} {[%emt 00:01:07]} gxf5 {[%clk 00:22:59]} {[%emt 00:00:01]} 54. gxf5
{[%clk 00:09:59]} {[%emt 00:00:06]} Rb8 {[%clk 00:20:07]} {[%emt 00:03:22]} 55.
Kf4 {[%clk 00:08:57]} {[%emt 00:01:33]} c3 {[%clk 00:18:48]} {[%emt 00:01:49]}
56. Kg5 {[%clk 00:06:26]} {[%emt 00:03:01]} Kc4 {[%clk 00:19:11]} {[%emt
00:00:06]} 57. f6 {[%clk 00:04:58]} {[%emt 00:01:58]} c2 {[%clk 00:17:39]}
{[%emt 00:02:02]} 58. Rf1 {[%clk 00:04:51]} {[%emt 00:00:37]} Rb7 {[%clk
00:07:35]} {[%emt 00:10:35]} 59. Kf5 {[%clk 00:02:04]} {[%emt 00:03:16]} Rb1
{[%clk 00:06:22]} {[%emt 00:01:43]} 60. Rf4+ {[%clk 00:02:23]} {[%emt
00:00:10]} Kd5 {[%clk 00:05:29]} {[%emt 00:01:23]} 61. f7 {[%clk 00:01:40]}
{[%emt 00:01:14]} c1=Q {[%clk 00:05:51]} {[%emt 00:00:08]} 0-1

[Event "Hoogeveen Open"]
[Site "Hoogeveen, Netherlands"]
[Date "2018.10.21"]
[Round "2.31"]
[White "Rubingh, Otto"]
[Black "Biermann, Florian"]
[Result "1/2-1/2"]
[WhiteElo "2154"]
[BlackElo "2024"]

1. d4 {[%clk 01:30:50]} {[%emt 00:00:09]} Nf6 {[%clk 01:30:50]} {[%emt
00:00:11]} 2. Nf3 {[%clk 01:31:06]} {[%emt 00:00:13]} g6 {[%emt 00:00:42]} 3.
c4 {[%clk 01:31:21]} Bg7 {[%clk 01:31:13]} {[%emt 00:00:10]} 4. Nc3 {[%clk
01:31:44]} {[%emt 00:00:07]} O-O {[%clk 01:31:25]} {[%emt 00:00:18]} 5. Bg5
{[%clk 01:31:53]} {[%emt 00:00:21]} c5 {[%clk 01:30:09]} {[%emt 00:01:47]} 6.
Qd2 {[%clk 01:31:12]} {[%emt 00:01:11]} cxd4 {[%clk 01:29:44]} {[%emt
00:00:55]} 7. Nxd4 {[%clk 01:31:33]} {[%emt 00:00:09]} Nc6 {[%clk 01:29:49]}
{[%emt 00:00:25]} 8. e3 {[%clk 01:27:36]} {[%emt 00:04:25]} Nxd4 {[%clk
01:27:22]} {[%emt 00:02:58]} 9. exd4 {[%clk 01:25:50]} {[%emt 00:02:16]} d5
{[%clk 01:24:52]} {[%emt 00:03:01]} 10. Bxf6 {[%clk 01:20:11]} {[%emt
00:06:08]} Bxf6 {[%clk 01:25:11]} {[%emt 00:00:11]} 11. Nxd5 {[%clk 01:20:28]}
{[%emt 00:00:13]} Bg7 {[%clk 01:25:35]} {[%emt 00:00:06]} 12. Rd1 {[%clk
01:19:27]} {[%emt 00:01:31]} Bg4 {[%clk 01:04:08]} {[%emt 00:21:57]} 13. f3
{[%clk 01:10:31]} {[%emt 00:09:24]} Be6 {[%clk 00:59:10]} {[%emt 00:05:30]} 14.
Nc3 {[%clk 01:04:09]} {[%emt 00:06:53]} Qb6 {[%clk 00:41:49]} {[%emt 00:17:51]}
15. Na4 {[%clk 00:54:46]} {[%emt 00:09:51]} Qc7 {[%clk 00:35:02]} {[%emt
00:07:18]} 16. Nc5 {[%clk 00:44:35]} {[%emt 00:10:41]} Bf5 {[%clk 00:32:26]}
{[%emt 00:03:07]} 17. Nb3 {[%clk 00:44:06]} {[%emt 00:00:59]} a5 {[%clk
00:31:05]} {[%emt 00:01:51]} 18. d5 {[%clk 00:36:33]} {[%emt 00:08:03]} Qe5+
{[%clk 00:21:47]} {[%emt 00:09:47]} 19. Be2 {[%clk 00:35:16]} {[%emt 00:01:47]}
Qxb2 {[%clk 00:20:58]} {[%emt 00:01:20]} 20. Qxb2 {[%clk 00:34:52]} {[%emt
00:00:54]} Bxb2 {[%clk 00:21:21]} {[%emt 00:00:06]} 21. Nd4 {[%clk 00:32:35]}
{[%emt 00:02:48]} Rac8 {[%clk 00:18:51]} {[%emt 00:02:59]} 22. Nxf5 {[%clk
00:32:16]} {[%emt 00:00:49]} gxf5 {[%clk 00:18:40]} {[%emt 00:00:41]} 23. Rb1
{[%clk 00:27:43]} {[%emt 00:05:02]} Bc3+ {[%clk 00:17:57]} {[%emt 00:01:14]} 24.
Kd1 {[%clk 00:27:44]} {[%emt 00:00:29]} Rc7 {[%clk 00:15:52]} {[%emt 00:02:35]}
25. Kc2 {[%clk 00:25:57]} {[%emt 00:02:17]} Bb4 {[%clk 00:14:45]} {[%emt
00:01:38]} 26. Kb3 {[%clk 00:25:12]} {[%emt 00:01:14]} b5 {[%clk 00:13:23]}
{[%emt 00:01:53]} 27. Rbc1 {[%clk 00:14:56]} {[%emt 00:10:46]} Rfc8 {[%clk
00:12:55]} {[%emt 00:00:57]} 28. a4 {[%clk 00:15:07]} {[%emt 00:00:19]} bxc4+
{[%clk 00:09:02]} {[%emt 00:04:24]} 29. Rxc4 {[%clk 00:15:28]} {[%emt
00:00:09]} Rxc4 {[%clk 00:09:02]} {[%emt 00:00:30]} 30. Bxc4 {[%clk 00:15:52]}
{[%emt 00:00:06]} Kg7 {[%clk 00:09:07]} {[%emt 00:00:25]} 31. Rd1 {[%clk
00:15:47]} {[%emt 00:00:34]} Kf6 {[%clk 00:08:49]} {[%emt 00:00:48]} 32. Rd4
{[%clk 00:15:05]} {[%emt 00:01:13]} h6 {[%clk 00:08:03]} {[%emt 00:01:16]} 33.
Rh4 {[%clk 00:12:28]} {[%emt 00:02:17]} Ke5 {[%emt 00:01:36]} 1/2-1/2

[Event "Hoogeveen Open"]
[Site "Hoogeveen, Netherlands"]
[Date "2018.10.21"]
[Round "2.32"]
[White "De Vries, Emma"]
[Black "Clemens, Adrian"]
[Result "0-1"]
[WhiteElo "1905"]
[BlackElo "2153"]

1. e4 {[%clk 01:30:57]} {[%emt 00:00:02]} c5 {[%clk 01:30:51]} {[%emt
00:00:09]} 2. Nf3 {[%clk 01:31:18]} {[%emt 00:00:09]} d6 {[%clk 01:31:06]}
{[%emt 00:00:15]} 3. Bb5+ {[%clk 01:31:35]} {[%emt 00:00:13]} Bd7 {[%clk
01:30:50]} {[%emt 00:00:46]} 4. Bxd7+ {[%clk 01:31:56]} {[%emt 00:00:10]} Nxd7
{[%clk 01:31:13]} {[%emt 00:00:06]} 5. O-O {[%clk 01:32:07]} {[%emt 00:00:19]}
Ngf6 {[%clk 01:31:35]} {[%emt 00:00:08]} 6. Re1 {[%clk 01:32:22]} {[%emt
00:00:15]} Rc8 {[%clk 01:28:56]} {[%emt 00:03:09]} 7. c3 {[%clk 01:26:53]}
{[%emt 00:06:00]} e6 {[%clk 01:26:58]} {[%emt 00:02:28]} 8. d4 {[%clk
01:25:00]} {[%emt 00:02:22]} cxd4 {[%clk 01:24:48]} {[%emt 00:02:40]} 9. cxd4
{[%clk 01:24:34]} {[%emt 00:00:56]} d5 {[%clk 01:19:26]} {[%emt 00:05:52]} 10.
Nc3 {[%clk 01:14:30]} {[%emt 00:10:34]} dxe4 {[%clk 01:15:21]} {[%emt
00:04:35]} 11. Ng5 {[%clk 01:08:05]} {[%emt 00:06:55]} Be7 {[%clk 01:10:50]}
{[%emt 00:05:00]} 12. d5 {[%clk 00:53:19]} {[%emt 00:15:17]} Nxd5 {[%clk
01:05:05]} {[%emt 00:06:15]} 13. Ncxe4 {[%clk 00:38:55]} {[%emt 00:14:54]} O-O
{[%clk 01:00:26]} {[%emt 00:05:09]} 14. Qg4 {[%clk 00:34:26]} {[%emt 00:04:59]}
N7f6 {[%clk 00:53:44]} {[%emt 00:07:12]} 15. Qh3 {[%clk 00:29:45]} {[%emt
00:05:11]} h6 {[%clk 00:49:02]} {[%emt 00:05:12]} 16. Nf3 {[%clk 00:28:51]}
{[%emt 00:01:24]} Rc4 {[%clk 00:42:04]} {[%emt 00:07:28]} 17. Nxf6+ {[%clk
00:22:58]} {[%emt 00:06:22]} Bxf6 {[%clk 00:40:59]} {[%emt 00:01:35]} 18. Qg3
{[%clk 00:21:37]} {[%emt 00:01:52]} Qc7 {[%clk 00:39:05]} {[%emt 00:02:25]} 19.
Ne5 {[%clk 00:21:10]} {[%emt 00:00:56]} Bxe5 {[%clk 00:38:22]} {[%emt
00:01:12]} 20. Qxe5 {[%clk 00:21:20]} {[%emt 00:00:21]} Qxe5 {[%clk 00:38:22]}
{[%emt 00:00:30]} 21. Rxe5 {[%clk 00:21:46]} {[%emt 00:00:04]} Rc2 {[%clk
00:35:26]} {[%emt 00:03:26]} 22. a3 {[%clk 00:15:43]} {[%emt 00:06:33]} Rfc8
{[%clk 00:34:15]} {[%emt 00:01:40]} 23. Re1 {[%clk 00:16:07]} {[%emt 00:00:07]}
a5 {[%clk 00:29:45]} {[%emt 00:05:00]} 24. b3 {[%clk 00:15:23]} {[%emt
00:01:14]} R8c6 {[%clk 00:29:30]} {[%emt 00:00:45]} 25. Be3 {[%clk 00:13:33]}
{[%emt 00:02:20]} R6c3 {[%clk 00:26:48]} {[%emt 00:03:11]} 26. b4 {[%clk
00:12:16]} {[%emt 00:01:47]} Nxe3 {[%clk 00:26:20]} {[%emt 00:00:58]} 27. fxe3
{[%clk 00:11:21]} {[%emt 00:01:26]} axb4 {[%clk 00:25:12]} {[%emt 00:01:38]} 28.
axb4 {[%clk 00:11:47]} {[%emt 00:00:04]} Rb2 {[%clk 00:25:35]} {[%emt
00:00:07]} 29. Rac1 {[%clk 00:10:15]} {[%emt 00:02:02]} Rxc1 {[%clk 00:24:52]}
{[%emt 00:01:14]} 30. Rxc1 {[%clk 00:10:41]} {[%emt 00:00:03]} Rxb4 {[%clk
00:25:17]} {[%emt 00:00:05]} 0-1

[Event "Hoogeveen Open"]
[Site "Hoogeveen, Netherlands"]
[Date "2018.10.21"]
[Round "2.33"]
[White "Biermann, Lenhard"]
[Black "Van Randtwijk, Mick"]
[Result "0-1"]
[WhiteElo "2153"]
[BlackElo "1979"]

1. d4 {[%clk 01:30:57]} {[%emt 00:00:02]} Nf6 {[%clk 01:30:55]} {[%emt
00:00:05]} 2. Nf3 {[%clk 01:31:23]} {[%emt 00:00:05]} e6 {[%clk 01:31:20]}
{[%emt 00:00:06]} 3. c4 {[%clk 01:31:48]} {[%emt 00:00:04]} Bb4+ {[%clk
01:31:45]} {[%emt 00:00:05]} 4. Nbd2 {[%clk 01:32:12]} {[%emt 00:00:06]} O-O
{[%clk 01:30:57]} {[%emt 00:01:18]} 5. a3 {[%clk 01:32:21]} {[%emt 00:00:22]}
Be7 {[%clk 01:31:11]} {[%emt 00:00:15]} 6. e4 {[%clk 01:32:06]} {[%emt
00:00:45]} c5 {[%clk 01:31:12]} {[%emt 00:00:29]} 7. e5 {[%clk 01:29:11]}
{[%emt 00:03:26]} Ne8 {[%clk 01:31:25]} {[%emt 00:00:17]} 8. Bd3 {[%clk
01:28:14]} {[%emt 00:01:27]} cxd4 {[%clk 01:25:56]} {[%emt 00:05:59]} 9. Nxd4
{[%clk 01:27:08]} {[%emt 00:01:35]} d6 {[%clk 01:26:19]} {[%emt 00:00:08]} 10.
exd6 {[%clk 01:25:18]} {[%emt 00:02:20]} Nxd6 {[%clk 01:26:36]} {[%emt
00:00:13]} 11. O-O {[%clk 01:21:29]} {[%emt 00:04:19]} b6 {[%clk 01:23:00]}
{[%emt 00:04:06]} 12. b4 {[%clk 01:07:30]} {[%emt 00:14:29]} Bf6 {[%clk
01:15:07]} {[%emt 00:08:22]} 13. Bb2 {[%clk 01:05:22]} {[%emt 00:02:38]} Bb7
{[%clk 01:15:11]} {[%emt 00:00:26]} 14. Qc2 {[%clk 00:58:37]} {[%emt 00:07:15]}
h6 {[%clk 01:12:30]} {[%emt 00:03:11]} 15. Rad1 {[%clk 00:48:00]} {[%emt
00:11:07]} Nd7 {[%clk 01:09:32]} {[%emt 00:03:28]} 16. Ne4 {[%clk 00:44:03]}
{[%emt 00:04:27]} Nxe4 {[%clk 01:07:31]} {[%emt 00:02:31]} 17. Bxe4 {[%clk
00:42:52]} {[%emt 00:01:42]} Bxe4 {[%clk 01:07:53]} {[%emt 00:00:08]} 18. Qxe4
{[%clk 00:43:14]} {[%emt 00:00:07]} Rc8 {[%clk 01:07:55]} {[%emt 00:00:29]} 19.
Rc1 {[%clk 00:32:51]} {[%emt 00:10:53]} Qc7 {[%clk 01:05:09]} {[%emt 00:03:16]}
20. Rfd1 {[%clk 00:32:04]} {[%emt 00:01:16]} Rfd8 {[%clk 01:03:47]} {[%emt
00:01:52]} 21. Nb5 {[%clk 00:29:38]} {[%emt 00:02:56]} Qb8 {[%clk 01:04:03]}
{[%emt 00:00:15]} 22. Qe2 {[%clk 00:29:54]} {[%emt 00:00:13]} Bxb2 {[%clk
01:00:19]} {[%emt 00:04:15]} 23. Qxb2 {[%clk 00:30:18]} {[%emt 00:00:05]} Ne5
{[%clk 01:00:28]} {[%emt 00:00:21]} 24. Rxd8+ {[%clk 00:25:54]} {[%emt
00:04:54]} Rxd8 {[%clk 00:58:40]} {[%emt 00:02:18]} 25. Qe2 {[%clk 00:25:25]}
{[%emt 00:00:58]} a6 {[%clk 00:53:45]} {[%emt 00:05:26]} 26. Nc3 {[%clk
00:25:06]} {[%emt 00:00:49]} Qc7 {[%clk 00:49:58]} {[%emt 00:04:17]} 27. Ne4
{[%clk 00:24:25]} {[%emt 00:01:12]} Nd3 {[%clk 00:48:24]} {[%emt 00:02:03]} 28.
Rc3 {[%clk 00:22:44]} {[%emt 00:02:11]} Nf4 {[%clk 00:46:50]} {[%emt 00:02:05]}
29. Qf3 {[%clk 00:21:01]} {[%emt 00:02:12]} Qe5 {[%clk 00:46:58]} {[%emt
00:00:22]} 30. g3 {[%clk 00:19:33]} {[%emt 00:01:59]} Qxe4 {[%clk 00:40:49]}
{[%emt 00:06:39]} 31. gxf4 {[%clk 00:17:55]} {[%emt 00:02:08]} Qb1+ {[%clk
00:40:51]} {[%emt 00:00:27]} 32. Kg2 {[%clk 00:18:06]} {[%emt 00:00:20]} Rd1
{[%clk 00:41:13]} {[%emt 00:00:07]} 33. f5 {[%clk 00:14:12]} {[%emt 00:04:24]}
exf5 {[%clk 00:38:35]} {[%emt 00:03:08]} 34. Qe2 {[%clk 00:09:02]} {[%emt
00:05:40]} f4 {[%clk 00:33:11]} {[%emt 00:05:54]} 35. Rc2 {[%clk 00:08:27]}
{[%emt 00:01:05]} Rg1+ {[%clk 00:29:51]} {[%emt 00:03:50]} 36. Kh3 {[%clk
00:08:41]} {[%emt 00:00:16]} Rg6 {[%clk 00:29:40]} {[%emt 00:00:42]} 37. Qe4
{[%clk 00:01:44]} {[%emt 00:07:27]} Qd1 {[%clk 00:23:06]} {[%emt 00:07:03]} 38.
Qe8+ {[%clk 00:00:32]} {[%emt 00:01:42]} Kh7 {[%clk 00:23:29]} {[%emt
00:00:07]} 39. Qe2 {[%clk 00:00:35]} {[%emt 00:00:28]} Qd7+ {[%clk 00:23:38]}
{[%emt 00:00:20]} 40. Kh4 {[%clk 00:00:59]} {[%emt 00:00:06]} Qd8+ {[%clk
00:24:02]} {[%emt 00:00:07]} 41. Kh3 {[%clk 00:01:15]} {[%emt 00:00:14]} Qg5
{[%clk 00:24:26]} {[%emt 00:00:05]} 42. c5 {[%clk 00:27:41]} {[%emt 00:04:04]}
Qg2+ {[%clk 00:54:41]} {[%emt 00:00:15]} 0-1